000 00933nam a2200265 u 4500
005 20240704063733.0
008 191016s1993 sp r 000 0 spa d
020 _a8434411113
035 _aUPN01000233460
040 _aMX-MxUPN
_bspa
_cMX-MxUPN
050 4 _aLC45.3
_bT75 1993
100 1 _aTrilla i Bernet, Jaume
_933833
245 1 3 _aLa educación fuera de la escuela :
_bámbitos no formales y educación social /
_cJaume Trilla Bernet ; con la colaboración de Begoña Gros Salvat, Fernando López Palma y María Jesús Martín García.
250 _a1a edición
260 _aBarcelona, España :
_bAriel,
_c1993.
300 _a276 páginas
650 4 _aEducación no formal
_99143
700 1 _aGros Salvat, Begoña
_943888
700 1 _aLópez Palma, Fernando
_943889
700 1 _aMartín García, María Jesús
_943892
905 _aLibro
942 _2lcc
_cLIBRO
999 _c205555
_d205555